| 000 | 00000nam 2200000zi 4500 |
| 001 | 9.899378 |
| 003 | CaOODSP |
| 005 | 20240726103049 |
| 006 | m o d f |
| 007 | cr |n||||||||| |
| 008 | 210503s1984 onc o f000 0|eng d |
| 040 | |aCaOODSP|beng|erda|cCaOODSP |
| 043 | |an-cn--- |
| 086 | 1 |aC23-279/1984E-PDF |
| 245 | 00|aExport trade assistance from DRIE. |
| 264 | 1|a[Ottawa] : |bGovernment of Canada, Regional Industrial Expansion = Gouvernement du Canada, Expansion industrielle régionale, |c[1984] |
| 300 | |a1 online resource (8 pages) |
| 336 | |atext|btxt|2rdacontent |
| 337 | |acomputer|bc|2rdamedia |
| 338 | |aonline resource|bcr|2rdacarrier |
| 500 | |aDigitized edition from print [produced by Innovation, Science and Economic Development Canada]. |
| 500 | |aIssued also in French under title: L'aide à l'exportation offerte par le MEIR. |
| 650 | 0|aExport marketing|zCanada. |
| 650 | 0|aForeign trade promotion|zCanada. |
| 651 | 0|aCanada|xCommerce. |
| 710 | 1 |aCanada. |bDepartment of Regional Industrial Expansion, |eissuing body. |
| 775 | 08|tL'aide à l'exportation offerte par le MEIR.|w(CaOODSP)9.941119 |
| 856 | 40|qPDF|s366 KB|uhttps://publications.gc.ca/collections/collection_2024/isde-ised/c23/C23-279-1984-eng.pdf |